Peristiwa-peristiwa Berdarah di Sabah

Bibliographic Details
Main Author: Ismail Abbas
Format: Book
Published: Kuala Lumpur : Dewan Bahasa dan Pustaka , 1985
Subjects:

MARC

LEADER 00000cam a2200000 7i4500
001 0000107770
005 20140910.0
008 140910 bm
090 0 0 |a KT BOR 
100 1 |a Ismail Abbas 
245 1 0 |a Peristiwa-peristiwa Berdarah di Sabah   |c Ismail Abbas & K.Bali 
260 |a Kuala Lumpur :   |b Dewan Bahasa dan Pustaka ,   |c 1985 
300 |a x,183p. ;   |c 18cm. 
650 0 0 |a Koleksi Tokoh Datuk Borhan Md.Yaman 
999 |a 0000266565   |b Buku   |c Koleksi Melaka   |e Perbadanan Perpustakaan Awam Melaka